00440pab a2200145 454500008004000000100002200040245010900062260000900171300001600180362001100196650001600207650001900223700001800242773003400260180718b2005 xxu||||| |||| 00| 0 eng d aDubash, Navroz K. aOf rocks and hard places: a critical overview of recent global experience with electricity restructuring c2005 ap.5249-259. a10 Dec aElectricity aPower industry aSingh, Daljit aEconomic and Political Weekly